Представление документа в формате MARC21

ПолеНазваниеЗначение
  Тип записи a
  Библиографический уровень m
001 Контрольный номер RU\infra-m\znanium\bibl\2234305
005 Дата корректировки 20260429142245.8
008 Кодируемые данные 251119s2025 RU g rus u
020 Индекс ISBN __
a ISBN 978-5-16-011989-2
020 Индекс ISBN __
a ISBN 978-5-16-114463-3 (электр. издание)
040 Источник каталогиз. __
a Служба первич. каталог. Общество с ограниченной ответственностью «ЗНАНИУМ»
041 Код языка издания __
a Код языка текста rus
044 Код страны публикации __
a Код страны публикации RU
080 Индекс УДК __
a Индекс УДК 61(075.32)
084 Индекс другой классификации/Индекс ББК __
2 Источник индекса rubbk
a Индекс другой классификации/Индекс ББК 57.0я723
084 Индекс другой классификации/Индекс ББК __
2 Источник индекса okso
a Индекс другой классификации/Индекс ББК 31.02.01
084 Индекс другой классификации/Индекс ББК __
2 Источник индекса okso
a Индекс другой классификации/Индекс ББК 31.02.02
084 Индекс другой классификации/Индекс ББК __
2 Источник индекса okso
a Индекс другой классификации/Индекс ББК 34.02.01
100 Автор __
a Автор Сивочалова О. В.
q Полное имя Сивочалова Ольга Витальевна
u Дополнение Научно-исследовательский институт медицины труда
245 Заглавие __
a Заглавие Охрана репродуктивного здоровья и планирование семьи
b Продолж. заглавия Учебник
c Ответственность Научно-исследовательский институт медицины труда; Самарский государственный медицинский университет
250 Сведения об издании __
a Основные сведения об издании 1
260 Выходные данные __
a Место издания Москва
b Издательство ООО "Научно-издательский центр ИНФРА-М"
c Дата издания 2026
300 Физическое описание __
a Объем 328 с.
440 Серия __
a Серия Среднее профессиональное образование
520 Аннотация __
a Аннотация В учебнике по курсу «Охрана репродуктивного здоровья и планирование семьи» последовательно и подробно рассматриваются наиболее важные вопросы связанные с репродуктивным здоровьем человека в различные периоды жизни в том числе демографические показатели методы диагностики нарушений репродуктивного здоровья беременности заболевания женских половых органов течение беременности и родов основные причины бесплодного брака вопросы планирования семьи и применения средств контрацепции и пр. Материал отражает последние достижения медицины и действующее законодательство в данной сфере. Соответствует требованиям Федерального государственного образовательного стандарта среднего профессионального образования. Для студентов учреждений среднего медицинского профессионального образования в том числе при изучении общепрофессиональной дисциплины по специальности 31.02.02 «Акушерское дело». Может быть полезен медицинским работникам среднего звена работающим в области практического здравоохранения.
521 Примеч. о цел. назн. __
a Примеч. о целев. назн. Среднее профессиональное образование
650 Тематические рубрики __
a Основная рубрика Медицина. Фармакология
x Основная подрубрика Гинекология. Акушерство
655 Указ. предметных рубрик (устаревшее) __
a Жанр/ форма (устаревшее) Учебник
700 Другие авторы __
a Другие авторы Линева О. И.
q Полное имя Линева Ольга Игоревна
u Дополнение Самарский государственный медицинский университет
700 Другие авторы __
a Другие авторы Фесенко М.А.
q Полное имя Фесенко Марина Александровна
u Дополнение Научно-исследовательский институт медицины труда
700 Другие авторы __
a Другие авторы Громова Е.Ю.
q Полное имя Громова Елена Юрьевна
u Дополнение Научно-исследовательский институт медицины труда
700 Другие авторы __
a Другие авторы Сивочалова О. В.
q Полное имя Сивочалова Ольга Витальевна
u Дополнение Научно-исследовательский институт медицины труда
856 Электронный адрес документа 4_
a Имя сервера/домена znanium.ru
m Помощь ebs_support@infra-m.ru
n Местонахождение сервера НИЦ ИНФРА-М
u URL https://znanium.ru/catalog/document?id=473128
856 Электронный адрес документа 48
a Имя сервера/домена znanium.ru
d Путь /cover/2234
f Электронное имя 2234305.jpg
q Тип электронного формата image/jpeg
u URL https://znanium.ru/cover/2234/2234305.jpg
911 __
u 0030=https://znanium.ru/catalog/document?id=473128
911 __
u 712a=Самарский государственный медицинский университет